[Event "Olimpiai Reménységek, lány 14"]
[Site "Tapolca"]
[Date "2022.06.23"]
[Round "1.5"]
[White "Balazs, Sztella Anna"]
[Black "Karacsonyi, Luca"]
[Result "0-1"]
[WhiteElo "1572"]
[BlackElo "1834"]
[PlyCount "88"]
[EventDate "2022.02.23"]
[EventType "swiss"]
[EventRounds "7"]
[EventCountry "HUN"]

1. e4 c5 2. Nf3 Nc6 3. d4 cxd4 4. Nxd4 e6 5. Be3 Nf6 6. Nc3 a6 7. Bd3 Qc7 8.
O-O Be7 9. Be2 O-O 10. f4 d6 11. f5 Nxd4 12. Qxd4 Bd7 13. Qb6 Qxb6 14. Bxb6 Bc6
15. Bc4 exf5 16. exf5 Nd7 17. Be3 Bf6 18. Bd2 Bd4+ 19. Kh1 b5 20. Bb3 Nc5 21.
a3 Nxb3 22. cxb3 Rfe8 23. Rae1 Rad8 24. b4 Kf8 25. Bf4 Be5 26. Bxe5 dxe5 27. f6
Rd2 28. fxg7+ Kxg7 29. Ne4 Bxe4 30. Rxe4 f5 31. Ree1 Kf6 32. g4 f4 33. Rxf4+
exf4 34. Rxe8 Kg5 35. Rg8+ Kh4 36. Rg7 Rxb2 37. Rxh7+ Kxg4 38. Rg7+ Kf3 39. Rg1
Ke3 40. h4 f3 41. h5 f2 42. Rf1 Kf3 43. h6 Re2 44. h7 Re8 0-1

[Event "Olimpiai Reménységek, lány 14"]
[Site "Tapolca"]
[Date "2022.06.23"]
[Round "1.6"]
[White "Kovacs, Reka"]
[Black "Toth, Timea"]
[Result "1/2-1/2"]
[WhiteElo "1760"]
[BlackElo "1386"]
[PlyCount "103"]
[EventDate "2022.02.23"]
[EventType "swiss"]
[EventRounds "7"]
[EventCountry "HUN"]

1. e4 c5 2. Nf3 Nc6 3. d4 cxd4 4. Nxd4 g6 5. c4 Bg7 6. Be3 Nf6 7. Nc3 O-O 8.
Be2 d6 9. O-O Bd7 10. f3 a6 11. Qd2 Nxd4 12. Bxd4 Bc6 13. Rab1 Nd7 14. Be3 Rb8
15. Rfc1 a5 16. Nd5 e6 17. Nc3 Nc5 18. Rd1 Be5 19. Bg5 Qc7 20. Bd3 Bd4+ 21. Kh1
e5 22. Ne2 Ne6 23. Bf6 Qb6 24. Qh6 Be3 25. Qh4 h5 26. g4 Bf2 27. Qh3 h4 28.
Bxh4 Kg7 29. Bxf2 Qxf2 30. Qg2 Qe3 31. Bc2 Nf4 32. Nxf4 Qxf4 33. Qg3 Qxg3 34.
hxg3 Rh8+ 35. Kg2 Rbd8 36. Rh1 a4 37. Bd3 Rb8 38. Rxh8 Rxh8 39. Rd1 Rd8 40. Kf2
f6 41. Be2 Kf7 42. c5 Ke7 43. cxd6+ Rxd6 44. Rxd6 Kxd6 45. Ke3 g5 46. Kd2 Kc5
47. Kc3 b5 48. a3 Bd7 49. Bf1 Be8 50. Be2 Bd7 51. Bf1 Be8 52. Be2 1/2-1/2

[Event "Olimpiai Reménységek, lány 14"]
[Site "Tapolca"]
[Date "2022.06.24"]
[Round "3.1"]
[White "Szarvas, Nora Orsolya"]
[Black "Karacsonyi, Luca"]
[Result "1-0"]
[WhiteElo "1669"]
[BlackElo "1834"]
[PlyCount "63"]
[EventDate "2022.02.23"]
[EventType "swiss"]
[EventRounds "7"]
[EventCountry "HUN"]

1. e4 c5 2. Nf3 Nc6 3. d4 cxd4 4. Nxd4 e6 5. Nc3 Qc7 6. Be3 a6 7. Bd3 Nf6 8.
O-O b5 9. a3 Be7 10. f4 d6 11. Qf3 Bb7 12. Qg3 h5 13. h3 h4 14. Qf2 Nh5 15.
Nce2 Bf6 16. c3 Na5 17. Nxe6 Qe7 18. Ng5 Nc4 19. Bc1 Bxg5 20. fxg5 Ng3 21. Nxg3
hxg3 22. Qxg3 Ne5 23. Bc2 O-O 24. Bf4 Rad8 25. Bxe5 dxe5 26. Rf5 Rfe8 27. Raf1
Qc5+ 28. Kh2 Re7 29. Bb3 Rdd7 30. g6 Bxe4 31. gxf7+ Kf8 32. Qh4 1-0

[Event "Olimpiai Reménységek, lány 14"]
[Site "Tapolca"]
[Date "2022.06.24"]
[Round "3.3"]
[White "Balazs, Sztella Anna"]
[Black "Toth, Timea"]
[Result "1-0"]
[WhiteElo "1572"]
[BlackElo "1386"]
[PlyCount "47"]
[EventDate "2022.02.23"]
[EventType "swiss"]
[EventRounds "7"]
[EventCountry "HUN"]

1. e4 c5 2. Nf3 Nc6 3. d4 cxd4 4. Nxd4 g6 5. c4 Bg7 6. Nc2 Nf6 7. Nc3 O-O 8.
Be2 d6 9. O-O Bd7 10. Be3 Qc8 11. f3 Re8 12. Qd2 b6 13. Nd5 Nxd5 14. cxd5 Na5
15. Na3 Qb7 16. b4 Bxa1 17. Rxa1 Nc6 18. dxc6 Bxc6 19. b5 Bd7 20. Bc4 Rac8 21.
Bh6 Qc7 22. Qf4 Qc5+ 23. Kf1 Qxa3 24. Qxf7+ 1-0

[Event "Olimpiai Reménységek, lány 14"]
[Site "Tapolca"]
[Date "2022.06.24"]
[Round "4.3"]
[White "Toth, Timea"]
[Black "Eros, Vivien"]
[Result "0-1"]
[WhiteElo "1386"]
[BlackElo "1592"]
[PlyCount "94"]
[EventDate "2022.02.23"]
[EventType "swiss"]
[EventRounds "7"]
[EventCountry "HUN"]

1. e4 c5 2. Nf3 Nc6 3. c3 d5 4. exd5 Qxd5 5. d4 Nf6 6. dxc5 Qxd1+ 7. Kxd1 Bg4
8. Be2 O-O-O+ 9. Ke1 e6 10. b4 a5 11. a3 g6 12. Be3 Bg7 13. Nd4 Bxe2 14. Kxe2
Ne4 15. Nxc6 bxc6 16. Rc1 Kb7 17. f3 Nf6 18. Nd2 Ra8 19. Ra2 Nd5 20. Ne4 f5 21.
Nd6+ Kc7 22. Bd2 axb4 23. cxb4 Rhb8 24. Rcc2 Be5 25. g3 Bxd6 26. cxd6+ Kxd6 27.
f4 Ra6 28. Bc3 Rba8 29. Be5+ Kd7 30. b5 cxb5 31. Rab2 Rc6 32. Rxc6 Kxc6 33. Rb3
Nb6 34. Kd3 Nc4 35. a4 Nxe5+ 36. fxe5 bxa4 37. Rb1 a3 38. Kd4 Ra4+ 39. Kc3 a2
40. Ra1 Kd5 41. Kb3 Ra8 42. Rxa2 Rxa2 43. Kxa2 Kxe5 44. Kb3 Kd4 45. Kc2 Ke3 46.
Kd1 Kf2 47. Kd2 e5 0-1

[Event "Olimpiai Reménységek, lány 14"]
[Site "Tapolca"]
[Date "2022.06.24"]
[Round "4.4"]
[White "Karacsonyi, Luca"]
[Black "Lazsadi, Kerka Lilla"]
[Result "0-1"]
[WhiteElo "1834"]
[BlackElo "1755"]
[PlyCount "76"]
[EventDate "2022.02.23"]
[EventType "swiss"]
[EventRounds "7"]
[EventCountry "HUN"]

1. e4 e6 2. d4 d5 3. e5 c5 4. c3 Nc6 5. Nf3 Bd7 6. Be2 cxd4 7. cxd4 Nh6 8. Nc3
f6 9. Be3 fxe5 10. Nxe5 Nxe5 11. dxe5 Nf7 12. Qd4 b6 13. b4 g6 14. O-O Bg7 15.
f4 O-O 16. Kh1 Nh6 17. Bf2 Qe7 18. a3 Rac8 19. Rac1 Nf5 20. Qd2 Bc6 21. Bd3 Bh6
22. g4 d4+ 23. Ne4 Qb7 24. gxf5 Bxe4+ 25. Kg1 Rxc1 26. Rxc1 Bxd3 27. Qxd3 Bxf4
28. Re1 Rxf5 29. Qxd4 Rg5+ 30. Bg3 Bxg3 31. Qd8+ Kg7 32. Qxg5 Bxe1 33. Qf6+ Kh6
34. Qf4+ Kh5 35. Qe3 Bh4 36. Qe2+ Kh6 37. Qg4 Qe7 38. Qc4 Qg5+ 0-1

[Event "Olimpiai Reménységek, lány 14"]
[Site "Tapolca"]
[Date "2022.06.25"]
[Round "6.2"]
[White "Balazs, Sztella Anna"]
[Black "Szarvas, Nora Orsolya"]
[Result "1-0"]
[WhiteElo "1572"]
[BlackElo "1669"]
[PlyCount "153"]
[EventDate "2022.02.23"]
[EventType "swiss"]
[EventRounds "7"]
[EventCountry "HUN"]

1. e4 c5 2. Nf3 d6 3. d4 cxd4 4. Nxd4 Nf6 5. Nc3 Nc6 6. Bg5 e6 7. Qd2 a6 8.
O-O-O Bd7 9. f4 h6 10. Bh4 Nxe4 11. Nxe4 Qxh4 12. Nxc6 Bxc6 13. Nxd6+ Bxd6 14.
Qxd6 Rd8 15. Qxd8+ Qxd8 16. Rxd8+ Kxd8 17. Rg1 Ke7 18. Bc4 Rd8 19. g3 Bf3 20.
Re1 Rc8 21. Bb3 Rd8 22. c3 Kf6 23. Bc2 Rd7 24. Re3 Bg2 25. Re2 Bc6 26. Re1 g6
27. Re2 Bf3 28. Re3 Bg4 29. c4 Bf5 30. Bd1 Bh3 31. Be2 Bg2 32. Kc2 Rc7 33. b3
Rd7 34. Kc3 Bc6 35. b4 Rd6 36. b5 axb5 37. cxb5 Bd5 38. a4 Rd8 39. Kb4 Rc8 40.
Bf3 b6 41. Bxd5 exd5 42. Kb3 g5 43. fxg5+ hxg5 44. g4 Rc7 45. h3 Rc8 46. a5 Rc5
47. a6 Rxb5+ 48. Ka2 Rc5 49. Rb3 b5 50. Ra3 Rc8 51. Kb3 Ke6 52. Kb4 Kd6 53.
Kxb5 Rb8+ 54. Ka5 Ra8 55. Rf3 Kc6 56. Rxf7 Rg8 57. a7 d4 58. Ka6 d3 59. Rf3 Rd8
60. Rxd3 Rxd3 61. a8=Q+ Kc5 62. Qc8+ Kb4 63. Qf8+ Kc4 64. Qg8+ Rd5 65. Kb6 Kd4
66. Kc6 Re5 67. Qg7 Ke4 68. Qg6+ Kf4 69. Kd6 Ra5 70. Qf6+ Ke4 71. Ke7 Ra7+ 72.
Kf8 Ra3 73. Qxg5 Rxh3 74. Qf5+ Ke3 75. g5 Rh5 76. Kf7 Kd4 77. Qg4+ 1-0

[Event "Olimpiai Reménységek, fiú 10"]
[Site "Tapolca"]
[Date "2022.06.23"]
[Round "3.1"]
[White "Hegedus, Bernat"]
[Black "Minga-Nagy, Abel Inti"]
[Result "1-0"]
[WhiteElo "1395"]
[BlackElo "1437"]
[PlyCount "75"]
[EventDate "2022.06.23"]
[EventType "swiss"]
[EventRounds "9"]
[EventCountry "HUN"]

1. d4 c5 2. d5 e6 3. c4 exd5 4. cxd5 d6 5. e4 Nf6 6. Nc3 g6 7. Bg5 Bg7 8. Bb5+
Nbd7 9. Qf3 O-O 10. Bxd7 Bxd7 11. Nge2 h6 12. Bh4 g5 13. Bg3 h5 14. h3 Qb6 15.
Qe3 Nh7 16. f4 c4 17. Qd2 g4 18. f5 Nf6 19. Qg5 Qxb2 20. Rb1 Qc2 21. Rc1 Qd3
22. Rd1 Nxe4 23. Nxe4 Qxe4 24. f6 Qg6 25. Qxg6 fxg6 26. fxg7 Rf6 27. Bh4 Rf7
28. Rb1 Bf5 29. Rc1 Re8 30. Kd2 Bd3 31. Nd4 gxh3 32. Rxh3 Re4 33. Ne6 Re2+ 34.
Kc3 a5 35. Rxd3 b5 36. Rf3 Rxa2 37. Rxf7 Kxf7 38. Rf1+ 1-0

[Event "Olimpiai Reménységek, fiú 10"]
[Site "Tapolca"]
[Date "2022.06.23"]
[Round "3.2"]
[White "Meszaros-Csonka, David"]
[Black "Szollosi, Balazs"]
[Result "1/2-1/2"]
[WhiteElo "1413"]
[BlackElo "1363"]
[PlyCount "87"]
[EventDate "2022.06.23"]
[EventType "swiss"]
[EventRounds "9"]
[EventCountry "HUN"]

1. e4 c5 2. Nf3 Nc6 3. d4 cxd4 4. Nxd4 Nf6 5. Nc3 e5 6. Ndb5 d6 7. Bg5 a6 8.
Na3 Be7 9. Bxf6 Bxf6 10. Nd5 O-O 11. Nc4 b5 12. Nce3 Bg5 13. c3 Bxe3 14. Nxe3
Ne7 15. a4 bxa4 16. Rxa4 Bb7 17. Be2 d5 18. exd5 Nxd5 19. Nxd5 Bxd5 20. O-O a5
21. Qc2 Qb6 22. c4 Qc6 23. f3 Rac8 24. b3 Be6 25. Rfa1 Qc5+ 26. Kh1 Ra8 27. b4
Qc7 28. Rxa5 Rxa5 29. Rxa5 Qb6 30. Qc3 Qf2 31. Bd3 Bf5 32. h3 Qe3 33. Ra3 Bxd3
34. Qxd3 Qc1+ 35. Kh2 Qf4+ 36. g3 Qg5 37. h4 Qe7 38. Ra4 Rd8 39. Qe3 Qd7 40.
Ra7 Qf5 41. Ra2 h6 42. g4 Qb1 43. Rd2 Rc8 44. Qxe5 1/2-1/2

[Event "Olimpiai Reménységek, fiú 10"]
[Site "Tapolca"]
[Date "2022.06.24"]
[Round "6.1"]
[White "Minga-Nagy, Abel Inti"]
[Black "Hangay, Oliver"]
[Result "1/2-1/2"]
[WhiteElo "1437"]
[BlackElo "1767"]
[PlyCount "72"]
[EventDate "2022.06.23"]
[EventType "swiss"]
[EventRounds "9"]
[EventCountry "HUN"]

1. g3 d5 2. Bg2 e5 3. e3 Nf6 4. d4 exd4 5. exd4 Bd6 6. Ne2 O-O 7. O-O Bf5 8.
Nbc3 c6 9. Bf4 Re8 10. Qd2 Qc7 11. Rfe1 Nbd7 12. Bxd6 Qxd6 13. Nf4 Nb6 14. b3
Rac8 15. Rac1 Qd7 16. Rxe8+ Rxe8 17. Nd3 Bxd3 18. Qxd3 Re7 19. Nd1 Re1+ 20. Bf1
Qh3 21. f3 Qh6 22. Rb1 Re8 23. Nf2 Qe3 24. Kg2 Nbd7 25. c4 Re7 26. c5 g6 27.
Rb2 h5 28. h4 Kg7 29. Re2 Qxd3 30. Nxd3 Rxe2+ 31. Bxe2 Nf8 32. Nf4 Ne8 33. b4
Nc7 34. Kf2 Kf6 35. Ke3 Nfe6 36. a4 a6 1/2-1/2

[Event "Olimpiai Reménységek, fiú 10"]
[Site "Tapolca"]
[Date "2022.06.24"]
[Round "6.2"]
[White "Szollosi, Balazs"]
[Black "Hegedus, Zsombor"]
[Result "1-0"]
[WhiteElo "1363"]
[BlackElo "1320"]
[PlyCount "99"]
[EventDate "2022.06.23"]
[EventType "swiss"]
[EventRounds "9"]
[EventCountry "HUN"]

1. e4 e5 2. Nf3 Nc6 3. Bc4 Bc5 4. c3 Nge7 5. d4 exd4 6. cxd4 Bb4+ 7. Nc3 O-O 8.
O-O d6 9. Bg5 Bg4 10. Nd5 Qd7 11. Bxe7 Nxe7 12. Nxb4 Bxf3 13. Qxf3 Qa4 14. Qb3
Qd7 15. e5 dxe5 16. dxe5 Qf5 17. e6 c6 18. exf7+ Kh8 19. Rfe1 Ng6 20. Re2 Nf4
21. Re3 b5 22. Bd3 Nxd3 23. Qxd3 Qxf7 24. Rf3 Qc7 25. Rxf8+ Rxf8 26. Rd1 a5 27.
Nc2 Qf7 28. Qf3 Qe8 29. Qe3 Qf7 30. Nd4 Rd8 31. Re1 Qxa2 32. Nxc6 Rg8 33. Ne7
Rd8 34. Nf5 h6 35. Nxg7 Qxb2 36. Qxh6+ Kg8 37. Qe6+ Kh8 38. Nf5 Rf8 39. Qh6+
Kg8 40. Ne7+ Kf7 41. Qe6+ Kg7 42. Nf5+ Kh8 43. h3 a4 44. Re4 Rxf5 45. Qxf5 a3
46. Qf8+ Kh7 47. Rh4+ Kg6 48. Rg4+ Kh5 49. Qf5+ Kh6 50. Qg6# 1-0